Statystyki dla Najbiedniejsze państwa z wyjątkami

Kliknij tutaj aby rozwiązać quiz!

Ogólne statystyki

  • Ten quiz został rozwiązany 12 834 razy
    (4 716 od ostatniego zresetowania)
  • Średni wynik to 13 z 20

Statystyki odpowiedzi

$ na osobęKontynentKraj% Poprawnych
1 588AzjaKorea Północna
84%
8 028Ameryka Płd.Wenezuela
74%
2 459AzjaAfganistan
72%
9 073AzjaIndie
72%
6 836AzjaPakistan
70%
5 293AzjaTadżykistan
69%
9 801AzjaLaos
67%
8 663AzjaBangladesz
66%
6 250AzjaKirgistan
66%
10 308AzjaUzbekistan
66%
10 327Ameryka Płd.Boliwia
65%
5 101AzjaNepal
65%
2 794AzjaSyria
64%
6 092AzjaKambodża
63%
3 248Ameryka Płn.Haiti
61%
5 132AzjaMjanma
59%
2 042AzjaJemen
58%
7 228Ameryka Płn.Honduras
52%
7 601Ameryka Płn.Nikaragua
49%
3 637AzjaTimor Wschodni
43%

Rozkład punktacji

Percentyl według liczby udzielonych odpowiedzi

Procent ludzi z każdym wynikiem

Twoja historia wyników

Nie rozwiązałeś tego quizu od ostatniego zresetowania